| 000 | 00416nam a2200169 a 4500 | ||
|---|---|---|---|
| 001 | 29085 | ||
| 005 | 20180713232059.0 | ||
| 008 | 140415d 000 0 spa d | ||
| 020 | _a8448119134 | ||
| 041 | _aspa | ||
| 082 | _a621.39 | ||
| 100 | 1 | _aSIN AUTOR | |
| 245 | 1 | 0 | _aMICROSOFT MS-DOS (6.0.62) PASO A PASO |
| 250 | _a1a ed. | ||
| 260 |
_a[s.l.] : _bMC GRAW HILL, _c[s.f.] |
||
| 520 | _aCG | ||
| 999 |
_c29085 _d29085 |
||